000 00931nam a2200277 a 4500
001 20826
003 VRT
005 20260204165202.0
008 000816s1985 xr a 000 1 cze c
035 _aUKB000150626
040 _aBAA001
_bslo
_cBAA001
_eAACR2
041 1 _acze
_heng
044 _axr
_cCZ
084 _aW 6(7USA)-644
_2UKB
100 1 _aHeller, Joseph
_d1923-1999
245 0 0 _aHlava XXII
_bZ Angl.Orig.Prel.Miroslav Jindra.Dosl. Naps.Eduard Cejka.Ilustr.Jiri Brazda.
250 _a4. vyd.,v tomto prekl. 2.
260 _aPraha
_bNaše vojsko
_c1985
300 _a459 S.
910 _aukb
942 _2ddc
_cKLDO
_n0
949 _6150626-10
_a27.D.31578
_bPV.3267-86
_o1.superrevízia 28.10.2015 Novotná
_s4700:20070309
949 _61800287848
_aB.D.80193
_bPV.3268-86
949 _6150626-30
_a27.D.31578
_bNA.13-87
_o1.superrevízia 28.10.2015 Novotná
_s4700:20070313
949 _61800139113
_a27.D.31578
_bKD.507-86
999 _c20826
_d20826